00705 a2200193 450000100060000002000150000604000220002110000180004324000320006124500270009330000070012036200090012765000230013694200070015995201130016695201080027995201070038799900170049456877 a8508053150 cAnchieta - Pituba aGaldino, Luiz10aO brinquedo misteriosolpor10aO brinquedo misterioso a770 a2000 4aLiteratura juvenil cBK 00104070a91.1b91.1d2023-11-21l0oLJ 028.5 G149b GAL BRIp6582/PITr2023-11-21 18:24:26w2023-11-21yBK 00102ddc4070a57.2b57.2d2024-05-02l0pnt12r2024-05-02 16:37:01w2024-05-02yBKzEstante Brancau 00102ddc4070a57.2b57.2d2024-05-03l0pnt230r2024-05-03 16:40:10w2024-05-03yBKzEstante Azulu c56877d56877